Театр : (Record no. 140816)
[ view plain ]
| 000 -LEADER | |
|---|---|
| fixed length control field | 01236nam a2200229 a 4500 |
| 001 - CONTROL NUMBER | |
| control field | 000368326 |
| 003 - CONTROL NUMBER IDENTIFIER | |
| control field | AM-YeHGA |
| 005 - DATE AND TIME OF LATEST TRANSACTION | |
| control field | 20250617131830.0 |
| 008 - FIXED-LENGTH DATA ELEMENTS--GENERAL INFORMATION | |
| fixed length control field | 041011s1984 ||| r 000 0 rus d |
| 040 ## - CATALOGING SOURCE | |
| Original cataloging agency | AM-YeHGA |
| 041 1# - LANGUAGE CODE | |
| Language code of text/sound track or separate title | rus |
| Language code of original | fre |
| 090 ## - LOCALLY ASSIGNED LC-TYPE CALL NUMBER (OCLC); LOCAL CALL NUMBER (RLIN) | |
| -- | 142195 |
| 100 1# - MAIN ENTRY--PERSONAL NAME | |
| Personal name | Корнель, Пьер. |
| 245 10 - TITLE STATEMENT | |
| Title | Театр : |
| Remainder of title | В 2-х т : Пер. с фр. / |
| Statement of responsibility, etc. | Пьер Корнель; Ред. пер. Н.М. Любимов; Сост., ст. и коммент. А.Д. Михайлова; Худож. С.М. Бархин. |
| 260 ## - PUBLICATION, DISTRIBUTION, ETC. | |
| Place of publication, distribution, etc. | Москва : |
| Name of publisher, distributor, etc. | Искусство, |
| Date of publication, distribution, etc. | 1984. |
| 300 ## - PHYSICAL DESCRIPTION | |
| Extent | 2 т. |
| 505 00 - FORMATTED CONTENTS NOTE | |
| Miscellaneous information | Т. 1 (551 с. : ил.) : |
| Title | Компаньонка; Королевская площадь; Иллюзия; Сид; Гораций; Цинна; Полиевкт ; |
| Miscellaneous information | Т. 2 (687 с. : ил.) : |
| Title | Помпей; Лжец; Родогуна; Ираклий; Дон Санчо Арагонский; Никомед; Серторий; Сурена |
| 653 0# - INDEX TERM--UNCONTROLLED | |
| Uncontrolled term | Зарубежная литература |
| 700 1# - ADDED ENTRY--PERSONAL NAME | |
| Personal name | Любимов, Н.М. |
| Relator term | ред. |
| Relationship | edt |
| 700 1# - ADDED ENTRY--PERSONAL NAME | |
| Personal name | Михайлов, А.Д. |
| Relator term | сост. |
| -- | авт. вступ. ст. |
| -- | авт. коммент. |
| Relationship | com |
| -- | aui |
| -- | cmm |
| 700 1# - ADDED ENTRY--PERSONAL NAME | |
| Personal name | Бархин, С.М. |
| Relator term | худож. |
| Relationship | art |
| Withdrawn status | Lost status | Damaged status | Not for loan | Collection | Home library | Current library | Date acquired | Serial enumeration / chronology | Total checkouts | Full call number | Barcode | Date last seen | Price effective from | Koha item type | Public note |
|---|---|---|---|---|---|---|---|---|---|---|---|---|---|---|---|
| General | Fundamental Scientific Library | Fundamental Scientific Library | 22/12/2016 | Т. 1 | 840 | 110053731 | 22/12/2016 | 22/12/2016 | Գրքեր / Books | Two weeks Loan | |||||
| General | Fundamental Scientific Library | Fundamental Scientific Library | 22/12/2016 | Т. 2 | 840 | 110053732 | 22/12/2016 | 22/12/2016 | Գրքեր / Books | Two weeks Loan |
ՀՀ Գիտությունների ազգային ակադեմիայի հիմնարար գիտական գրադարան = Fundamental Scientific Library of NAS RA
All site content, except where otherwise noted, is licensed under a